| 000 | 01971 a2200169 4500 | ||
|---|---|---|---|
| 020 | _a0201633744 | ||
| 040 |
_aDLC _bDLC |
||
| 082 | _a621.382 | ||
| 100 | 1 | _aViterbi, Andrew J. | |
| 245 | 1 | 0 |
_aCDMA : principles of spread spectrum communication _bprinciples of spread spectrum communication _cAndrew J. Viterbi. |
| 260 |
_aReading, Mass. : _bAddison-Wesley Pub. Co., _cc1995. |
||
| 300 |
_axix, 245 p. : _bill. ; _c24 cm. |
||
| 440 | 0 | _aAddison-Wesley wireless communications series. | |
| 520 | 1 | _a"Spread spectrum multiple access communication, known commercially as CDMA (Code Division Multiple Access), is a driving technology behind the rapidly advancing personal communications industry. Its greater bandwidth efficiency and multiple access capabilities make it the leading technology for relieving spectrum congestion caused by the explosion in popularity of cellular mobile and fixed wireless telephones and wireless data terminals."--BK JACKET. "Written by a leader in the creation of CDMA and an internationally recognized authority on wireless digital communication, this book gives you the technical information you need. It presents the fundamentals of digital communications and covers all aspects of commercial direct-sequence spread spectrum technology, incorporating both physical-level principles and network concepts. You will find detailed information on signal generation, synchronization, modulation, and coding of direct-sequence spread spectrum signals. In addition, the book shows how these physical layer functions relate to link and network properties involving cellular coverage, Erlang capacity, and network control."--BK JACKET. "With this book, you will attain a deeper understanding of personal communications system concepts and will be better equipped to develop systems and products at the forefront of the personal wireless communications market."--BK JACKET. | |
| 650 | 0 | _aCode division multiple access. | |
| 942 |
_cBK _k621.382 VIT _2ddc |
||
| 999 |
_c8236 _d8236 |
||